00821nam a22002177a 450000500170000001000150001702000260003202000220005803500140008003700130009408200110010710000180011824501170013626000450025327000640029830000240036250000500038694200250043699900190046195201230048020161108141343.0 aENG-116475 c795.00a9780199459070 c795.00a019945907 aEN-100007 bDBAD/PUB a250.33 aCollett,Alice aLives of early Buddhist nuns :cby Alice Collettbpoltical economy of Eastern mediterranean exchange relations / aNew DelhibOxford University Pressc2016 aYMCA Library Building, 1 Jai Singh Road,bNew Delhie110001 axvi,277p.c22cm(Hb) aIncludes bibliographical references and index 2ddccENmCOLh250.33 c104525d104525 001040718NFICaDBADbBNd2016-11-08eDBAD/PUBg795.00l0o250.33 COLpEN-100007r2016-11-08 00:00:00t1v795.00yEN